000 00347 a2200133 4500
000 nam a22 7a 4500
100 _aSharma
110 _aSharma
245 _aChemical and Microbiological Analysis of Milk and Milk Products
250 _aLatest edition
260 _bCBS Publication
_c2024
264 _bCBS Publication
_c2024
942 _cBK
999 _c395607
_d395607